ՀՀ Գիտությունների ազգային ակադեմիայի հիմնարար գիտական գրադարան  =   Fundamental Scientific Library of NAS RA

Схемотехника и автоматизация проектирования линейных интегральных схем с инжекционным питанием / (Record no. 64334)

MARC details
000 -LEADER
fixed length control field 01027nam a2200229 a 4500
001 - CONTROL NUMBER
control field 000185536
003 - CONTROL NUMBER IDENTIFIER
control field AM-YeHGA
005 - DATE AND TIME OF LATEST TRANSACTION
control field 20250617123720.0
008 - FIXED-LENGTH DATA ELEMENTS--GENERAL INFORMATION
fixed length control field 950417s1990 ru |||||||||||||||||rus d
020 ## - INTERNATIONAL STANDARD BOOK NUMBER
International Standard Book Number 5745503068
040 ## - CATALOGING SOURCE
Original cataloging agency AM-YeHGA
041 0# - LANGUAGE CODE
Language code of text/sound track or separate title rus
090 ## - LOCALLY ASSIGNED LC-TYPE CALL NUMBER (OCLC); LOCAL CALL NUMBER (RLIN)
-- 65438
100 1# - MAIN ENTRY--PERSONAL NAME
Personal name Крюков, Юрий Григорьевич
245 10 - TITLE STATEMENT
Title Схемотехника и автоматизация проектирования линейных интегральных схем с инжекционным питанием /
Statement of responsibility, etc. Ю.Г. Крюков, Н.А. Ус.
260 ## - PUBLICATION, DISTRIBUTION, ETC.
Place of publication, distribution, etc. Воронеж :
Name of publisher, distributor, etc. Изд-во Воронежского ун-та,
Date of publication, distribution, etc. 1990.
300 ## - PHYSICAL DESCRIPTION
Extent 167 с.
Other physical details ил. ;
Dimensions 20 см.
504 ## - BIBLIOGRAPHY, ETC. NOTE
Bibliography, etc. note Библиогр.: с. 142-147 (62 назв.)
650 14 - SUBJECT ADDED ENTRY--TOPICAL TERM
Topical term or geographic name entry element Микроэлектронные схемы интегральные большие с инжекционным питанием - Проектирование
700 1# - ADDED ENTRY--PERSONAL NAME
Personal name Ус, Николай Александрович
942 ## - ADDED ENTRY ELEMENTS (KOHA)
Source of classification or shelving scheme Universal Decimal Classification
Koha item type Գրքեր / Books
Holdings
Withdrawn status Lost status Damaged status Not for loan Collection Home library Current library Date acquired Total checkouts Full call number Barcode Date last seen Uniform resource identifier Price effective from Koha item type Public note
        General Fundamental Scientific Library Fundamental Scientific Library 22/12/2016   РII/627240 120627240 22/12/2016 621.382.049.77.001.63:681.3 22/12/2016 Գրքեր / Books 30 Days Loan


ՀՀ ԳԱԱ հիմնարար գիտական գրադարան
ՀՀ,Երևան 0019
Մարշալ Բաղրամյան 24/6
հեռախոս:(374-10) 52-47-50
Հետադարձ կապ

All site content, except where otherwise noted, is licensed under a
Creative Commons License